| 000 | 01317aam a2200385 i 4500 | ||
|---|---|---|---|
| 001 | 11862 | ||
| 003 | CUTN | ||
| 005 | 20131111132835.0 | ||
| 008 | 120529s2013 nyua b 001 0 eng | ||
| 010 | _a2012021604 | ||
| 015 |
_aGBB293446 _2bnb |
||
| 020 |
_a9780415877930 (hbk) : _c£95.00 |
||
| 020 |
_a0415877938 (hbk) : _c£95.00 |
||
| 020 |
_a9780415877947 (pbk) : _c£39.99 |
||
| 020 |
_a0415877946 (pbk) : _c£39.99 |
||
| 020 |
_z9780203121139 (ebk) : _c£90.00 |
||
| 020 |
_z0203121139 (ebk) : _c£90.00 |
||
| 035 | _a(Uk)016172165 | ||
| 040 |
_aStDuBDS _beng _cStDuBDS _dUk _erda _dUkOxU |
||
| 042 | _aukblsr | ||
| 050 | 0 | 0 |
_aN72.S6 _bT47 2012 |
| 082 | 0 | 0 |
_a700 _223 |
| 100 | _zELK | ||
| 245 | 0 | 0 |
_aTheorizing visual studies : _bwriting through the discipline / _cedited by James Elkins and Kristi McGuire, with Maureen Burns, Alicia Chester, and Joel Kuennen. |
| 300 |
_axv, 303 pages : _billustrations ; _c27 cm |
||
| 500 |
_aFormerly CIP. _5Uk |
||
| 504 | _aIncludes bibliographical references and index. | ||
| 650 | 0 | _aArt and society. | |
| 650 | 0 | _aVisual communication. | |
| 650 | 0 | _aAesthetics. | |
| 700 | 1 |
_aElkins, James, _d1955- _eeditor of compilation. |
|
| 700 | 1 |
_aMcGuire, Kristi, _eeditor of compilation. |
|
| 942 |
_2ddc _cBOOKS |
||
| 999 |
_c9621 _d9621 |
||